[Event "PNWCC-Pirot Hybrid m4"]
[Site "Chess.com INT"]
[Date "2021.11.13"]
[Round "1"]
[White "Heidari, Ako"]
[Black "Randjelovic, Dragana"]
[Result "0-1"]
[WhiteElo "1759"]
[BlackElo "2024"]
[PlyCount "92"]
[EventDate "2021.11.13"]
[EventType "team-match"]
[EventRounds "4"]
[EventCountry "USA"]
[SourceTitle "CBM 205 Extra"]
[Source "ChessBase"]
[SourceDate "2022.01.31"]
[SourceVersion "1"]
[SourceVersionDate "2022.01.31"]
[SourceQuality "1"]
[WhiteTeam "PNWCC"]
[BlackTeam "Pirot"]
[WhiteTeamCountry "USA"]
[BlackTeamCountry "SRB"]

1. c4 e5 2. g3 d6 3. Nc3 Nc6 4. Bg2 f5 5. e3 Nf6 6. Nge2 Be7 7. 0-0 0-0 8. d4 Qe8 9. Nd5 Bd8 10. Nec3 Qg6 11. Nxf6+ Bxf6 12. d5 Nb8 13. Bd2 Nd7 14. b4 e4 15. Rb1 b6 16. Nb5 Bd8 17. Bc3 a6 18. Nd4 Ne5 19. Qe2 Bf6 20. Ba1 Bd7 21. f4 exf3 22. Nxf3 Rae8 23. Nd4 Ng4 24. Ne6 Bxe6 25. dxe6 Qh6 26. Bd5 Kh8 27. Bd4 c6 28. Bxc6 Rxe6 29. Bxb6 Nxe3 30. Rxf5 Nxf5 31. Qg4 Qd2 32. Bf2 Bd4 33. Rf1 Ref6 34. Bxd4 Qxd4+ 35. Qxd4 Nxd4 36. Rxf6 Rxf6 37. Bd5 Nc2 38. b5 axb5 39. cxb5 Ne3 40. Bg2 Nxg2 41. Kxg2 d5 42. a4 d4 43. a5 d3 44. a6 d2 45. a7 Rf8 46. b6 d1Q 0-1

[Event "SRB-chT1 (Women)"]
[Site "Nis"]
[Date "2013.11.03"]
[Round "5.1"]
[White "Milosevic, Jovana"]
[Black "Randjelovic, Dragana"]
[Result "1-0"]
[WhiteElo "1980"]
[BlackElo "2041"]
[PlyCount "121"]
[EventDate "2013.11.01"]
[EventType "team-tourn"]
[EventRounds "5"]
[EventCountry "SRB"]
[SourceTitle "EXT 2015"]
[Source "ChessBase"]
[SourceDate "2014.11.20"]
[SourceVersion "1"]
[SourceVersionDate "2014.11.20"]
[SourceQuality "1"]
[WhiteTeam "Mitrovic (W)"]
[BlackTeam "Pirot Cast i Slava (W)"]
[WhiteTeamCountry "SRB"]
[BlackTeamCountry "SRB"]

1. Nf3 b6 2. e4 Bb7 3. Nc3 e6 4. d4 d6 5. Bd3 Nf6 6. 0-0 Nbd7 7. Re1 Be7 8. e5 Nd5 9. Ne4 Nb4 10. Bb5 d5 11. Ng3 c6 12. Bf1 h5 13. c3 Na6 14. Qd2 Nf8 15. Bd3 Nc7 16. Ne2 f5 17. exf6 gxf6 18. h4 Qd7 19. Nf4 0-0-0 20. Qc2 Bd6 21. Nh3 Qg7 22. Bf4 Rg8 23. g3 Bxf4 24. Nxf4 Qg4 25. Ng6 Nxg6 26. Nh2 Qh3 27. Bxg6 Kb8 28. Kh1 Bc8 29. Bxh5 e5 30. dxe5 Bf5 31. Qd1 Be4+ 32. Bf3 fxe5 33. Rxe4 Qf5 34. Re2 e4 35. Bg2 Ne6 36. Nf1 Qg6 37. Qd2 Rdf8 38. Ne3 Nc5 39. a4 Nd3 40. b4 Qh5 41. Kg1 Ne5 42. a5 b5 43. Nd1 Rg7 44. Ra2 Qg4 45. Qh6 Kc7 46. Ne3 Qd7 47. Qh5 Qe6 48. Kh2 Qf6 49. Bh3 Nf3+ 50. Kh1 Rgf7 51. Rac2 Ne5 52. Qf5 Qg7 53. Qg5 Qh8 54. Be6 Rh7 55. Nf5 Rf6 56. Nd4 Rfh6 57. f4 Rh5 58. Qg8 Qf6 59. Qc8+ Kd6 60. fxe5+ Qxe5 61. Qd8+ 1-0

[Event "Serbia-chT (Women)"]
[Site "Zlatibor"]
[Date "2006.08.26"]
[Round "1"]
[White "Gaponenko, Inna"]
[Black "Randjelovic, Dragana"]
[Result "1-0"]
[WhiteElo "2458"]
[BlackElo "2076"]
[PlyCount "39"]
[EventDate "2006.08.26"]
[EventType "team"]
[EventRounds "9"]
[EventCountry "YUG"]
[SourceTitle "EXT 2007"]
[Source "ChessBase"]
[SourceDate "2006.11.23"]
[SourceVersion "1"]
[SourceVersionDate "2006.11.23"]
[SourceQuality "1"]

1. e4 c5 2. Nf3 e6 3. d4 cxd4 4. Nxd4 Nc6 5. Nc3 Qc7 6. Be3 a6 7. Qd2 Nf6 8. 0-0-0 b5 9. Bf4 Ne5 10. Nf3 Nxf3 11. gxf3 Qc6 12. Rg1 Bb7 13. Be5 b4 14. Ne2 d5 15. Qf4 h5 16. Bxf6 gxf6 17. exd5 exd5 18. Kb1 Qd6 19. Qe3+ Qe5 20. Qb6 1-0

[Event "Zadar (Women) 12th"]
[Site "Zadar"]
[Date "2005.12.15"]
[Round "6"]
[White "Sargac, Rajna"]
[Black "Randjelovic, Dragana"]
[Result "1-0"]
[WhiteElo "2243"]
[BlackElo "2076"]
[PlyCount "113"]
[EventDate "2005.12.12"]
[EventType "tourn"]
[EventRounds "9"]
[EventCountry "CRO"]
[SourceTitle "CBM 109 Extra"]
[Source "ChessBase"]
[SourceDate "2006.01.03"]
[SourceVersion "2"]
[SourceVersionDate "2006.01.03"]
[SourceQuality "1"]

1. d4 Nf6 2. c4 e6 3. g3 d5 4. Bg2 dxc4 5. Nf3 Bb4+ 6. Bd2 a5 7. a3 Bxd2+ 8. Nbxd2 b5 9. Qc2 Bb7 10. b3 Nc6 11. e3 c3 12. Qxc3 b4 13. Qc5 Qd6 14. 0-0 Qxc5 15. dxc5 Ke7 16. Nd4 Nd5 17. Nc4 Rhd8 18. Nxc6+ Bxc6 19. a4 Ra6 20. Rfd1 Rda8 21. Ne5 Rd8 22. Bf1 f6 23. Bxa6 fxe5 24. e4 Nc3 25. Rxd8 Kxd8 26. f3 Be8 27. Kf2 Bh5 28. g4 Bg6 29. Ke3 Ke7 30. Rc1 Kf6 31. h4 Ke7 32. Rxc3 bxc3 33. Kd3 c2 34. Kxc2 Kd7 35. Kc3 c6 36. b4 axb4+ 37. Kxb4 Kc7 38. Bc4 Bf7 39. Kc3 h6 40. g5 Bh5 41. Be2 hxg5 42. hxg5 g6 43. Kd3 Kb7 44. Ke3 Ka7 45. Bc4 Kb7 46. Bxe6 Ka6 47. Bd7 Ka5 48. Bxc6 Kb4 49. Be8 Kxc5 50. f4 exf4+ 51. Kxf4 Kd6 52. Bb5 Bd1 53. e5+ Ke7 54. a5 Bb3 55. Bc6 Kd8 56. a6 Kc7 57. a7 1-0

[Event "Zadar (Women) 12th"]
[Site "Zadar"]
[Date "2005.12.14"]
[Round "4"]
[White "Saric, Kristina"]
[Black "Randjelovic, Dragana"]
[Result "1-0"]
[WhiteElo "2162"]
[BlackElo "2076"]
[PlyCount "95"]
[EventDate "2005.12.12"]
[EventType "tourn"]
[EventRounds "9"]
[EventCountry "CRO"]
[SourceTitle "CBM 109 Extra"]
[Source "ChessBase"]
[SourceDate "2006.01.03"]
[SourceVersion "2"]
[SourceVersionDate "2006.01.03"]
[SourceQuality "1"]

1. e4 c5 2. Nf3 e6 3. d4 cxd4 4. Nxd4 Nc6 5. Nc3 Qc7 6. Ndb5 Qb8 7. Be3 a6 8. Bb6 axb5 9. Nxb5 Bb4+ 10. c3 Ba5 11. Nc7+ Qxc7 12. Bxc7 Bxc7 13. Qg4 g6 14. Bb5 Nge7 15. 0-0 0-0 16. Qe2 d5 17. a3 d4 18. Qc4 dxc3 19. bxc3 e5 20. a4 Be6 21. Qc5 b6 22. Qa3 f5 23. exf5 Rxf5 24. Rad1 e4 25. Qb2 Rh5 26. h3 Rf8 27. Rfe1 Rf4 28. Qe2 Ne5 29. Qd2 Rfh4 30. Be2 Rh6 31. Qg5 Nd5 32. Rxd5 Bxd5 33. Qe7 e3 34. Qxc7 exf2+ 35. Kxf2 Nf7 36. Bg4 g5 37. c4 Bc6 38. Kg3 Rf6 39. Qc8+ Kg7 40. Re6 Rhh6 41. Qxc6 Rxe6 42. Bxe6 Rf6 43. Qxb6 h5 44. Qd4 h4+ 45. Kh2 Nh6 46. a5 Kg6 47. Qe4+ Kg7 48. a6 1-0

[Event "SCG-chT1 (Women)"]
[Site "Vrnjacka Banja"]
[Date "2005.10.20"]
[Round "4"]
[White "Randjelovic, Dragana"]
[Black "Bjeloglav, Milica"]
[Result "1-0"]
[WhiteElo "2076"]
[BlackElo "2048"]
[PlyCount "61"]
[EventDate "2005.10.17"]
[EventType "team"]
[EventRounds "11"]
[EventCountry "YUG"]
[SourceTitle "EXT 2006"]
[Source "ChessBase"]
[SourceDate "2005.11.24"]
[SourceVersion "1"]
[SourceVersionDate "2005.11.24"]
[SourceQuality "1"]

1. e4 c5 2. Nf3 Nc6 3. d4 cxd4 4. Nxd4 Nf6 5. Nc3 e5 6. Ndb5 d6 7. Nd5 Nxd5 8. exd5 Ne7 9. c3 Nf5 10. a4 g6 11. Bd3 Bg7 12. 0-0 0-0 13. Qb3 Nh6 14. Qb4 f5 15. Qxd6 Qh4 16. Nc7 Rd8 17. Qb4 Qxb4 18. cxb4 Rb8 19. Bg5 Rd7 20. Rac1 Nf7 21. Be3 b6 22. Bb5 Rd6 23. Bc6 Bb7 24. Nb5 Rdd8 25. Nxa7 Bc8 26. g3 Bf8 27. Bb5 Bd7 28. Nc6 Bxc6 29. dxc6 Rbc8 30. c7 Rd6 31. Ba6 1-0

[Event "SCG-chT (Women)"]
[Site "Herceg Novi"]
[Date "2005.05.19"]
[Round "5"]
[White "Randjelovic, Dragana"]
[Black "Petrovic, Marija"]
[Result "1-0"]
[WhiteElo "2081"]
[BlackElo "2221"]
[PlyCount "86"]
[EventDate "2005.05.15"]
[EventType "team"]
[EventRounds "5"]
[EventCountry "YUG"]
[SourceTitle "CBM 106 Extra"]
[Source "ChessBase"]
[SourceDate "2005.07.01"]
[SourceVersion "1"]
[SourceVersionDate "2005.07.01"]
[SourceQuality "1"]

1. e4 g6 2. d4 Bg7 3. Nc3 c6 4. a4 d6 5. g3 Nf6 6. Bg2 0-0 7. Nge2 Nbd7 8. 0-0 e5 9. h3 Qc7 10. Be3 Re8 11. Qd2 exd4 12. Bxd4 Ne5 13. b3 c5 14. Nb5 Qc6 15. Bxe5 dxe5 16. Nec3 a6 17. Nd5 Bxh3 18. Bxh3 axb5 19. axb5 Qd6 20. Nxf6+ Qxf6 21. Qd7 Rab8 22. Qc7 h5 23. Ra7 b6 24. f4 Rf8 25. fxe5 Qxe5 26. Rxf7 Rxf7 27. Qxf7+ Kh7 28. Bg2 Rg8 29. Qf3 Rd8 30. Rb7 Rd6 31. Qf4 Qd4+ 32. Kh2 Rf6 33. Qc7 Rd6 34. Rxb6 Rxb6 35. Qxb6 Be5 36. Qe6 Kh6 37. b6 h4 38. b7 Bxg3+ 39. Kh3 Qe3 40. Qg4 Qg1 41. Qxg3 hxg3 42. b8Q Qh2+ 43. Kg4 Qxg2 1-0

[Event "YUG-chT (Women)"]
[Site "Niksic"]
[Date "1997.??.??"]
[Round "9"]
[White "Boskovic, Malina"]
[Black "Randjelovic, Dragana"]
[Result "1-0"]
[WhiteElo "2065"]
[BlackElo "2100"]
[PlyCount "99"]
[EventDate "1997.08.27"]
[EventType "team"]
[EventRounds "11"]
[EventCountry "YUG"]
[SourceTitle "CBM 059 Extra"]
[Source "ChessBase"]
[SourceDate "1997.09.26"]
[SourceVersion "1"]
[SourceVersionDate "1997.09.26"]
[SourceQuality "1"]

1. e4 c5 2. b3 Nc6 3. Bb2 a6 4. Nf3 d6 5. Be2 e5 6. 0-0 Nf6 7. d3 g6 8. Nbd2 Bg7 9. Re1 0-0 10. Nf1 Nh5 11. Ne3 Nf4 12. Bf1 f5 13. exf5 gxf5 14. g3 Ng6 15. Rb1 d5 16. Ng2 d4 17. Bc1 h6 18. Nfh4 Nxh4 19. Nxh4 Qe8 20. Bd2 Qf7 21. Be2 Qf6 22. f4 e4 23. dxe4 fxe4 24. Bc4+ Be6 25. Rxe4 Bxc4 26. bxc4 Qf7 27. Qe2 b5 28. Re6 d3 29. Qe4 dxc2 30. Re1 Nd4 31. Re7 Qf6 32. Kg2 bxc4 33. Qd5+ Kh8 34. Qxc4 Qc6+ 35. Kh3 Rab8 36. Bc3 Qc8+ 37. f5 Rb6 38. g4 Qa8 39. Qxc5 Rc6 40. Qa5 Rd6 41. Rxg7 Rc8 42. Rge7 Qd5 43. Ng6+ Kg8 44. Re8+ Rxe8 45. Rxe8+ Kf7 46. Qc7+ Rd7 47. Re7+ Kf6 48. Bxd4+ Qxd4 49. g5+ Kxg5 50. Kg3 1-0

[Event "YUG Cup (Women)"]
[Site "Ulcinj"]
[Date "1997.??.??"]
[Round "?"]
[White "Dragasevic, Antonina"]
[Black "Randjelovic, Dragana"]
[Result "1-0"]
[WhiteElo "2160"]
[BlackElo "2100"]
[PlyCount "55"]
[EventDate "1997.??.??"]
[EventType "team"]
[EventRounds "7"]
[EventCountry "YUG"]
[SourceTitle "EXT 1999"]
[Source "ChessBase"]
[SourceDate "1998.11.16"]
[SourceVersion "1"]
[SourceVersionDate "1998.11.16"]
[SourceQuality "1"]

1. e4 c5 2. Nf3 e6 3. c3 Nf6 4. e5 Nd5 5. d4 cxd4 6. cxd4 d6 7. Nc3 Nxc3 8. bxc3 dxe5 9. Nxe5 Bd6 10. Bb5+ Nd7 11. Qg4 Qa5 12. Qxg7 Bxe5 13. dxe5 Rf8 14. Rb1 Qxc3+ 15. Bd2 Qc2 16. Ke2 a6 17. Bd3 Qxa2 18. Bxh7 Nc5 19. Rhc1 Nb3 20. Rxb3 Qxb3 21. Bh6 Qb4 22. Rd1 Bd7 23. Qxf8+ Qxf8 24. Bxf8 Kxf8 25. Rxd7 b5 26. Be4 Rb8 27. Ra7 Rb6 28. Rb7 1-0

[Event "YUG-chT (Women)"]
[Site "Niksic"]
[Date "1997.??.??"]
[Round "4"]
[White "Randjelovic, Dragana"]
[Black "Kovacevic, Radmila"]
[Result "1-0"]
[WhiteElo "2100"]
[BlackElo "2100"]
[PlyCount "75"]
[EventDate "1997.08.27"]
[EventType "team"]
[EventRounds "11"]
[EventCountry "YUG"]
[SourceTitle "CBM 059 Extra"]
[Source "ChessBase"]
[SourceDate "1997.09.26"]
[SourceVersion "1"]
[SourceVersionDate "1997.09.26"]
[SourceQuality "1"]

1. e4 e6 2. d4 d5 3. Nd2 c5 4. Ngf3 cxd4 5. Nxd4 e5 6. N4f3 dxe4 7. Nxe5 Qd5 8. Nec4 Bc5 9. Qe2 f5 10. Ne3 Qc6 11. Nb3 Bb6 12. a4 Nf6 13. a5 Bxe3 14. Bxe3 0-0 15. g3 Kh8 16. Bg2 Na6 17. Nd4 Qe8 18. 0-0 Nb4 19. Nb5 Nbd5 20. c4 Nxe3 21. Qxe3 Qh5 22. Qf4 Bd7 23. Nc7 Rac8 24. Rfd1 Bc6 25. Rd2 Qf7 26. Nb5 Bxb5 27. cxb5 Nd5 28. Qe5 Nb4 29. Bf1 Rfe8 30. Qd6 e3 31. fxe3 Nc2 32. Rc1 Nxe3 33. Rxc8 Rxc8 34. Be2 h6 35. Qd7 Rc1+ 36. Kf2 Qb3 37. Rd3 Qb4 38. Kxe3 1-0

[Event "YUG-chT (Women)"]
[Site "Niksic"]
[Date "1997.??.??"]
[Round "6"]
[White "Randjelovic, Dragana"]
[Black "Sargac, Rajna"]
[Result "1-0"]
[WhiteElo "2100"]
[BlackElo "2120"]
[PlyCount "85"]
[EventDate "1997.08.27"]
[EventType "team"]
[EventRounds "11"]
[EventCountry "YUG"]
[SourceTitle "CBM 059 Extra"]
[Source "ChessBase"]
[SourceDate "1997.09.26"]
[SourceVersion "1"]
[SourceVersionDate "1997.09.26"]
[SourceQuality "1"]

1. e4 c6 2. d4 d5 3. Nc3 dxe4 4. Nxe4 Nd7 5. Ng5 Ngf6 6. Bd3 e6 7. N1f3 Bd6 8. 0-0 h6 9. Ne4 Nxe4 10. Bxe4 Nf6 11. Bd3 Qc7 12. Qe2 b6 13. Ne5 Bb7 14. a4 c5 15. Bb5+ Ke7 16. c3 cxd4 17. cxd4 a6 18. Bd3 Rac8 19. f4 Kf8 20. f5 Re8 21. Bf4 exf5 22. Bxf5 Nd5 23. Bg3 Kg8 24. Qh5 Nf6 25. Qh4 b5 26. Bd3 Qb6 27. Kh1 Bd5 28. Rxf6 gxf6 29. Nd7 Bxg2+ 30. Kg1 Qa7 31. Nxf6+ Kg7 32. Nxe8+ Rxe8 33. Bxd6 Be4 34. Bc5 Qb7 35. Re1 f5 36. Bxe4 fxe4 37. Re3 Kh7 38. Qf4 bxa4 39. Qf5+ Kh8 40. Rg3 Rg8 41. Rxg8+ Kxg8 42. Qg6+ Kh8 43. Bd6 1-0

[Event "YUG-chT (Women)"]
[Site "Niksic"]
[Date "1997.??.??"]
[Round "5"]
[White "Randjelovic, Dragana"]
[Black "Stoisavljevic, Sava"]
[Result "0-1"]
[WhiteElo "2100"]
[BlackElo "2100"]
[PlyCount "128"]
[EventDate "1997.08.27"]
[EventType "team"]
[EventRounds "11"]
[EventCountry "YUG"]
[SourceTitle "CBM 059 Extra"]
[Source "ChessBase"]
[SourceDate "1997.09.26"]
[SourceVersion "1"]
[SourceVersionDate "1997.09.26"]
[SourceQuality "1"]

1. e4 c6 2. d4 d5 3. exd5 cxd5 4. Bd3 Nf6 5. c3 Qc7 6. Nf3 Bg4 7. Qa4+ Bd7 8. Qc2 Nc6 9. 0-0 Bg4 10. Nbd2 e6 11. Re1 Bd6 12. Bf5 0-0 13. Bxg4 Nxg4 14. Nf1 h6 15. Qd3 a6 16. Ng3 b5 17. a3 Na5 18. Nh4 Qd8 19. Nf3 Qc7 20. Qd1 Nc4 21. Nh4 Nf6 22. Qf3 Qd8 23. Nh5 Nxh5 24. Qxh5 Qf6 25. Qg4 Be7 26. g3 a5 27. b3 Nd6 28. Re3 g5 29. f4 Qg7 30. Nf3 Ne4 31. fxg5 hxg5 32. Ne5 Bd6 33. Rf3 Bxe5 34. dxe5 Qxe5 35. h4 Nf6 36. Qxg5+ Qxg5 37. Bxg5 Ne4 38. Bh6 Rfc8 39. Rc1 Rc6 40. c4 bxc4 41. bxc4 e5 42. Be3 d4 43. Bf2 Rac8 44. Be1 a4 45. Bb4 Rxc4 46. Re1 Rc1 47. Rff1 Nxg3 48. Rxc1 Rxc1 49. Rxc1 Ne2+ 50. Kf1 Nxc1 51. Be7 e4 52. Bf6 Nb3 53. Ke1 Kh7 54. Kd1 Kg6 55. Bd8 Kh5 56. Bf6 Kg6 57. Bd8 f5 58. Bg5 Kh5 59. Ke1 Kg4 60. Be7 f4 61. Bd8 f3 62. Bf6 e3 63. Bd8 f2+ 64. Kf1 Nd2+ 0-1

[Event "YUG-ch (Women)"]
[Site "Kladovo"]
[Date "1991.??.??"]
[Round "?"]
[White "Maric, Mirjana"]
[Black "Randjelovic, Dragana"]
[Result "1-0"]
[WhiteElo "2250"]
[BlackElo "2040"]
[PlyCount "82"]
[EventDate "1991.??.??"]
[EventType "swiss"]
[EventRounds "13"]
[EventCountry "YUG"]
[SourceTitle "EXT 2002"]
[Source "ChessBase"]
[SourceDate "2001.11.25"]
[SourceVersion "1"]
[SourceVersionDate "2001.11.25"]
[SourceQuality "1"]

1. e4 e5 2. Nf3 Nf6 3. d4 Nxe4 4. Bd3 d5 5. Nxe5 Nd7 6. Nxd7 Bxd7 7. 0-0 Qh4 8. c4 0-0-0 9. c5 g5 10. Nc3 Bg7 11. g3 Qh3 12. Nxe4 dxe4 13. Bxe4 Bb5 14. Bxg5 Rxd4 15. Bg2 Qd7 16. Qf3 Bc6 17. Qb3 Bxg2 18. Kxg2 Qd5+ 19. Qxd5 Rxd5 20. Bf4 Bxb2 21. Rab1 Bd4 22. c6 b6 23. Rfe1 Bc5 24. Rbd1 Rxd1 25. Rxd1 Re8 26. Rd7 Re7 27. Rxe7 Bxe7 28. Kf3 a5 29. a4 Bf6 30. Ke4 Bb2 31. g4 Kd8 32. h4 Kc8 33. Kd5 Kd8 34. Bg3 Ba3 35. Be5 Bc5 36. f4 Bf2 37. Bf6+ Ke8 38. Kc4 Bg3 39. f5 Bd6 40. Kb5 h6 41. Ka6 Bg3 1-0

[Event "YUG-ch (Women)"]
[Site "Kladovo"]
[Date "1991.??.??"]
[Round "?"]
[White "Petrovic, Marija"]
[Black "Randjelovic, Dragana"]
[Result "1/2-1/2"]
[WhiteElo "2185"]
[BlackElo "2040"]
[PlyCount "76"]
[EventDate "1991.??.??"]
[EventType "swiss"]
[EventRounds "13"]
[EventCountry "YUG"]
[SourceTitle "EXT 2002"]
[Source "ChessBase"]
[SourceDate "2001.11.25"]
[SourceVersion "1"]
[SourceVersionDate "2001.11.25"]
[SourceQuality "1"]

1. Nf3 Nf6 2. d4 c5 3. e3 e6 4. Nbd2 d6 5. Be2 Be7 6. 0-0 0-0 7. c3 b6 8. a4 cxd4 9. exd4 Bb7 10. Re1 Nbd7 11. Bd3 Qc7 12. Nf1 h6 13. Ng3 Rfe8 14. Nd2 e5 15. Nde4 Nxe4 16. Nxe4 d5 17. Ng3 e4 18. Bf1 Bd6 19. Qh5 Nf6 20. Qh4 Bc8 21. Bxh6 Ng4 22. Bd2 Be7 23. Qh5 Be6 24. Bg5 g6 25. Qh4 f6 26. Bh6 Kf7 27. f3 f5 28. Qh3 Nf6 29. Ne2 Bd6 30. Qh4 Rh8 31. Nf4 Ng8 32. Nxe6 Kxe6 33. fxe4 Kd7 34. Bb5+ Kc8 35. Ba6+ Kd7 36. Bb5+ Kc8 37. Ba6+ Kd7 38. Bb5+ Kc8 1/2-1/2

[Event "YUG-ch (Women)"]
[Site "Kladovo"]
[Date "1991.??.??"]
[Round "?"]
[White "Randjelovic, Dragana"]
[Black "Lazic, Marina"]
[Result "1-0"]
[WhiteElo "2040"]
[BlackElo "2180"]
[PlyCount "99"]
[EventDate "1991.??.??"]
[EventType "swiss"]
[EventRounds "13"]
[EventCountry "YUG"]
[SourceTitle "EXT 2002"]
[Source "ChessBase"]
[SourceDate "2001.11.25"]
[SourceVersion "1"]
[SourceVersionDate "2001.11.25"]
[SourceQuality "1"]

1. e4 c6 2. d4 d5 3. Nc3 dxe4 4. Nxe4 Nd7 5. Ng5 Ngf6 6. Bd3 e6 7. N1f3 c5 8. dxc5 Bxc5 9. 0-0 0-0 10. Qe2 h6 11. Ne4 Nxe4 12. Qxe4 Nf6 13. Qh4 Nd5 14. Qh5 Qe7 15. Bg5 Qc7 16. Rae1 Bd6 17. Bxh6 gxh6 18. Qxh6 f6 19. Re4 Bf4 20. Qh4 f5 21. Rc4 Qh7 22. Rxf4 Nxf4 23. Qxf4 Bd7 24. Re1 Rae8 25. Ne5 Rf6 26. Re3 Bc6 27. Rg3+ Kf8 28. Qb4+ Re7 29. Qd6 Rh6 30. h3 Rf6 31. Qd8+ Be8 32. Bb5 Rh6 33. Rd3 a6 34. Bxe8 Rxe8 35. Nd7+ Kf7 36. Qb6 Qg7 37. Qxb7 Re7 38. Qb8 Rg6 39. Ne5+ Kf6 40. Nxg6 Qxg6 41. Qb6 Qh6 42. Qe3 Qh5 43. Rd6 a5 44. Qc3+ Kf7 45. Qxa5 Qg5 46. Qd2 f4 47. Rd7 Qe5 48. Rxe7+ Kxe7 49. c4 f3 50. gxf3 1-0

[Event "YUG-ch (Women)"]
[Site "Kladovo"]
[Date "1991.??.??"]
[Round "?"]
[White "Randjelovic, Dragana"]
[Black "Sargac, Rajna"]
[Result "1-0"]
[WhiteElo "2040"]
[BlackElo "2160"]
[PlyCount "61"]
[EventDate "1991.??.??"]
[EventType "swiss"]
[EventRounds "13"]
[EventCountry "YUG"]
[SourceTitle "EXT 2002"]
[Source "ChessBase"]
[SourceDate "2001.11.25"]
[SourceVersion "1"]
[SourceVersionDate "2001.11.25"]
[SourceQuality "1"]

1. e4 e5 2. Nf3 Nc6 3. Bc4 Bc5 4. d3 Nf6 5. 0-0 0-0 6. c3 d6 7. Bb3 Bg4 8. Nbd2 h6 9. h3 Bh5 10. Re1 Re8 11. Nf1 Qd7 12. Ng3 Bg6 13. Nh4 Kh7 14. Ngf5 Ne7 15. d4 exd4 16. cxd4 Bb4 17. Re3 d5 18. Nxe7 Bxe7 19. Nxg6 fxg6 20. e5 Ne4 21. Bc2 Bg5 22. Rf3 Bxc1 23. Rxc1 Rf8 24. Qd3 Rxf3 25. gxf3 Ng5 26. Qxg6+ Kg8 27. Bf5 Nxf3+ 28. Kh1 Qe7 29. Qh7+ Kf7 30. e6+ Ke8 31. Bg6+ 1-0